000 01744nam a22002657a 4500
003 Uzh_bibl
005 20260121100832.0
008 260121b |||||||| |||| 00| 0 ukr d
020 _a966-06-0350-9
_c50.07
040 _bукр.
041 _2ukr
_aukr
080 _a94(477)
090 _a94(477)
_bУ 45
100 _a-
245 _aУкраїнська фалеристика
_bЗ історії нагородної спадщини
_hТекст
260 _aКиїв
_b"Либідь"
_c2004
300 _a480 с.
_bіл.
_fВ опр.
520 _aУ виданні аналізуються становлення й розвиток вітчизняної нагородної справи з часів Київської Русі до років незалежності України в контексті світової фалерис-тичної спадщини. Розглядаються правові та практичні аспекти нагородної політики незалежної України, узагальнено перший досвід створення цілісної системи нагород найвищого державного рівня. Органічною частиною книги є унікальний документаль-ний, фактичний та ілюстративний матеріал.
521 _aДля широкого кола читачів
546 _aукр.
650 _aНаукове видання
_xНаукове видання
653 _aПомста Петра І
_aНевідомий рукопис сотника Бориса Монкевича
655 _aНаукова література
942 _2udc
_cBK
999 _c16539
_d16539